Central Library OPAC University of Rajshahi

Approaches to economic development / (Record no. 4624)

MARC details
000 -LEADER
fixed length control field 01043cam a22002891 4500
001 - CONTROL NUMBER
control field 4624
003 - CONTROL NUMBER IDENTIFIER
rucl marc code BD-RjUL
005 - DATE AND TIME OF LATEST TRANSACTION
control field 20211208233927.0
008 - FIXED-LENGTH DATA ELEMENTS--GENERAL INFORMATION
fixed length control field 160727r19561955nyuab b 001 0 eng
035 ## - SYSTEM CONTROL NUMBER
System control number (BD-RjUL)4659
System control number (OCoLC)230018
040 ## - CATALOGING SOURCE
Original cataloging agency DLC
Transcribing agency ODaWU
Modifying agency OCoLC
-- DLC
-- BD-RjUL
Language of cataloging eng
041 ## - LANGUAGE CODE
Language code of text/sound track or separate title eng
082 ## - DEWEY DECIMAL CLASSIFICATION NUMBER
Classification number 338.91
Author mark and year BUA 1955-1958
100 1# - MAIN ENTRY--PERSONAL NAME
Personal name Buchanan, Norman S.
Fuller form of name (Norman Sharpe),
Dates associated with a name 1905-1958.
9 (RLIN) 9537
245 10 - TITLE STATEMENT
Title Approaches to economic development /
Statement of responsibility, etc. Norman S. Buchanan and Howard S. Ellis.
260 ## - PUBLICATION, DISTRIBUTION, ETC. (IMPRINT)
Place of publication, distribution, etc. New York :
Name of publisher, distributor, etc. Twentieth Century Fund,
Date of publication, distribution, etc. c1955 [Reprinted 1958].
300 ## - PHYSICAL DESCRIPTION
Pagination xiv, 494 p. :
Illustrations ill. ;
Size 23 cm.
504 ## - BIBLIOGRAPHY, ETC. NOTE
Bibliography, etc Bibliographical footnotes and index.
650 #0 - SUBJECT ADDED ENTRY--TOPICAL TERM
Topical term or geographic name as entry element Economic policy.
9 (RLIN) 14587
651 #0 - SUBJECT ADDED ENTRY--GEOGRAPHIC NAME
Geographic name Developing countries.
9 (RLIN) 14588
700 1# - ADDED ENTRY--PERSONAL NAME
Personal name Ellis, Howard Sylvester,
Dates associated with a name 1898-
Relator term joint author.
856 ## - ELECTRONIC LOCATION AND ACCESS
Uniform Resource Identifier <a href="http://www.worldcat.org/title/approaches-to-economic-development/oclc/230018&referer=brief_results">http://www.worldcat.org/title/approaches-to-economic-development/oclc/230018&referer=brief_results</a>
942 ## - ADDED ENTRY ELEMENTS (KOHA)
Source of classification or shelving scheme Dewey Decimal Classification
Koha item type Books
Holdings
Lost status Source of classification or shelving scheme Damaged status Not for loan Collection code Permanent Location Current Location Shelving location Date acquired Source of acquisition Cost, normal purchase price Total Checkouts Full call number Date last seen Copy number Koha item type
  Dewey Decimal Classification     Non-fiction Central Library, University of Rajshahi Central Library, University of Rajshahi   17/12/1963 Zeithlinger 25.00   338.91 BUA 1956 23/12/2013 C-2 Books
  Dewey Decimal Classification     Non-fiction Central Library, University of Rajshahi Central Library, University of Rajshahi   17/12/1963 Zeithlinger 25.00   338.91 BUA 1958 27/07/2016 C-3 Books
  Dewey Decimal Classification     Non-fiction Central Library, University of Rajshahi Central Library, University of Rajshahi   17/12/1963 Zeithlinger 25.00   338.91 BUA 1956 27/07/2016 C-4 Books
  Dewey Decimal Classification     Non-fiction Central Library, University of Rajshahi Central Library, University of Rajshahi   17/12/1963 Zeithlinger 25.00   338.91 BUA 1958 27/07/2016 C-5 Books
  Dewey Decimal Classification     Non-fiction Central Library, University of Rajshahi Central Library, University of Rajshahi   17/12/1963 Zeithlinger 25.00   338.91 BUA 1958 27/07/2016 C-6 Books
  Dewey Decimal Classification     Non-fiction Central Library, University of Rajshahi Central Library, University of Rajshahi   17/12/1963 Zeithlinger 25.00   338.91 BUA 1958 27/07/2016 C-7 Books